00609nam a2200157Ia 4500008004100000020002200041082001800063100003900081245006400120260002300184300001100207500005300218650005600271952010700327999001700434120629s9999 xx 000 0 und d a978-607-17-0062-9 a720.284 G642g aGonzález Vázquez, José Mario aGeometría descriptiva / José Mario González Vázquez aMéxico : Trillas a128 p. aBibliografía, epílogo e índice analítico a1. DIBUJO ARQUITECTONICO \ 2. DIBUJO GEOMETRICO Ì 00104070a15b15d2010-05-13l1o720.284 G642Gp15 004057r2019-09-18s2019-09-18t1w2012-06-28yLB c77037d77037